Enmerkar and Ensuhkešdanna : a Sumerian narrative poem /

Bibliographic Details
Main Author: Berlin, Adele
Format: Book
Language:English
Sumerian
Series:Occasional publications of the Babylonian Fund ; 2.
Subjects:

MARC

Tag First Indicator Second Indicator Subfields
LEADER 00000cam a2200000 i 4500
001 in00001129821
005 20150930071343.0
008 800206s1979 pauaf b 001 0 eng
010 |a  79125990  
035 |a (OCoLC)06090804 
035 |9 AFW0939AM 
040 |a DLC  |c DLC  |d m.c.  |d UtOrBLW 
041 1 |a eng  |a sux 
049 |a TXAM 
050 0 0 |a PJ4065  |b .B44 
082 0 |a 899/.95 
090 |a PJ4065  |b .B44 1979 
100 1 |a Berlin, Adele. 
245 1 0 |a Enmerkar and Ensuhkešdanna :  |b a Sumerian narrative poem /  |c by Adele Berlĭn. 
264 2 |a Philadelphia :  |b University Museum : distributed by the Babylonian Fund,  |c 1979. 
300 |a xi, 102 pages, 10 unnumbered leaves of plates :  |b illustrations ;  |c 27 cm. 
336 |a text  |b txt  |2 rdacontent 
337 |a unmediated  |b n  |2 rdamedia 
338 |a volume  |b nc  |2 rdacarrier 
490 1 |a Occasional publications of the Babylonian Fund ; 2 
500 |a Includes text of the poem in transliteration, translation, and cuneiform. 
504 |a Bibliography: pages 101-102. 
500 |a Includes index. 
630 0 0 |a Enmerkar and Ensuhkešdanna. 
730 0 |a Enmerkar and Ensuhkešdanna. English & Sumerian. 1979. 
830 0 |a Occasional publications of the Babylonian Fund ;  |v 2. 
999 |a MARS 
999 f f |s 4db30dcc-49c7-34bf-958c-0e35e27a229e  |i 6efb4ca2-9085-3794-a5d5-a6451219b900  |t 0 
952 f f |p ric  |a Texas A&M University  |b Rellis Campus  |c Joint Library Facility  |s JLF  |d Remote Storage  |t 0  |e PJ4065 .B44 1979  |h Library of Congress classification  |i unmediated -- volume  |m A14815135477 
998 f f |a PJ4065 .B44 1979  |t 0  |l Remote Storage